Teoretické východiská konceptu militantnej demokracie

Zrod konceptu militantnej demokracie. "Otec" konceptu militantnej demokracie. Carl Schmitt ako odporca liberálnej demokracie. Obranné stratégie demokracie podľa Capocciu. Pedazhurova imunitná demokracia. Extrémizmus ako súčasť konceptu militantnej demokracie. Európska únia ako strážca liberálnej de...

ver descrição completa

Na minha lista:
Detalhes bibliográficos
Autor principal: Puškárová, Eva
Formato: Capítulo de Livro
Idioma:eslovaco
Assuntos:
Tags: Adicionar Tag
Sem tags, seja o primeiro a adicionar uma tag!

MARC

LEADER 00000naa a2200000 4500
001 0221943
005 20220719123818.6
041 0 |a slo 
044 |a SK 
245 1 0 |a Teoretické východiská konceptu militantnej demokracie  |c Eva Puškárová 
520 |a Zrod konceptu militantnej demokracie. "Otec" konceptu militantnej demokracie. Carl Schmitt ako odporca liberálnej demokracie. Obranné stratégie demokracie podľa Capocciu. Pedazhurova imunitná demokracia. Extrémizmus ako súčasť konceptu militantnej demokracie. Európska únia ako strážca liberálnej demokracie podľa Müllera. Koncept militantnej demokracie v slovenských a českých podmienkach. 
610 2 0 |a demokracia 
610 2 0 |a terorizmus 
610 2 0 |a extrémizmus 
610 2 0 |a história 
610 2 0 |a osobnosť 
610 2 0 |a Európska únia 
100 1 |a Puškárová, Eva